000 01220nam a2200229Ia 4500
001 L239-10994
003 IT-CnALBA
008 170116s9999||||xx |||||||||||||| ||und||
040 _aIT-CnALBA
_cIT-CnALBA
041 _aITALIANO
100 _aBALLERINI GIUSEPPE, DOTT.
245 0 _aGESÙ CRISTO E I SUOI MODERNI CRITICI.
250 _a2a ed.
260 _a PAVIA
_bARTIGIANELLI SCUOLA TIP. EDITR.
_c1922 [1° Ed.: n.d.]
300 _a391 p. (prefazione: 3)
500 _aCRISTO DELLA FEDEE DELLA STORIA. RAZIONALISMO. MITOLOGIA. RAZIONALISMO. MITOLOGIA. CRITICA NEGATIVA. ANTICO E NUOVO TESTAMENTO. EBRAISMO. CRISTIANESIMO. GESÙ IL MESSIA. INCERTEZZE IN GESÙ DELLA SUA DIVINITÀ E MISSIANICITA'. ILLUSIONE DI CRISTO SULLA MESSI
501 _aSocietà San Paolo EM - Piazza San Paolo, 14 - 12051 ALBA (CN) (non commercial uses only) ® Copyright 2017
520 _aCRISTO DELLA FEDEE DELLA STORIA. RAZIONALISMO. MITOLOGIA. RAZIONALISMO. MITOLOGIA. CRITICA NEGATIVA. ANTICO E NUOVO TESTAMENTO. EBRAISMO. CRISTIANESIMO. GESÙ IL MESSIA. INCERTEZZE IN GESÙ DELLA SUA DIVINITÀ E MISSIANICITA'. ILLUSIONE DI CRISTO SULLA MESSI
650 _aAPOLOGETICA E CONTROVERSIE
942 _cBK
957 _71
999 _a15747
_bSI
_g Copie: 1
_c270171
_d270171